Alle Craftingrezepte mit Planks Minecraft - Statistiken

Allgemein
  • Dieses Quiz wurde 262 mal gespielt
  • Das Durchschnittsergebnis liegt bei 17 aus 34
Antwortstatistiken
andere Zutaten Antwort % Korrekt
Wolle Bett
85%
Buch Bücherregal
84%
Stock Holzhacke
83%
Stock Holzschwert
82%
Stock Holzschaufel
81%
Stock Holzaxt
80%
Stock Holzspitzhacke
80%
- Holzstufe
74%
- Holztür
71%
- Holztreppe
70%
- Stock
61%
- Werkbank
60%
Diamant Plattenspieler
59%
- Kiste
54%
- Holzfalltür
51%
Stock Schild
50%
Honig Bienenstock
49%
Eisen Schild
49%
- Holzknopf
47%
Stock Zaun
47%
Stufen Fass
44%
Eisen/Redstone Kolben
44%
- Holzdruckplatte
43%
Feuerstein Bognertisch
42%
Redstone Notenblock
42%
Stock Zauntor
36%
Eisen Schmiedetisch
33%
- Boot
29%
Faden Webstuhl
27%
Eisen/ Stock Haken
14%
Stufe/ Stock Schleifstein
10%
Papier Kartografentisch
9%
- Schüssel
5%
Stufe Gearbeitetes Bücherregal
4%
Keine übereinstimmenden Quizze gefunden
Verteilung der Resultate
Anzahl Personen mit jedem Resultat
Perzentil nach korrekt beantworteten Fragen
Ihre Resultats-Entwicklung
Sie haben dieses Quiz noch nicht gespielt